Information visualization : supporting requirements prioritization using Zest /
Saved in:
| Main Author: | |
|---|---|
| Format: | Thesis Book |
| Language: | English |
| Published: |
2012.
|
| Subjects: | |
| Tags: |
Add Tag
No Tags, Be the first to tag this record!
|
| LEADER | 00998cam a2200253 a 4500 | ||
|---|---|---|---|
| 001 | u855270 | ||
| 003 | SIRSI | ||
| 005 | 201204191707 | ||
| 008 | 120419s2012 my a t 000 0 eng m | ||
| 040 | |a UMM | ||
| 090 | |a QA76.758 |b UM 2012 Alg | ||
| 100 | 1 | |a Algunaid, Adnan Abdulrahman Mohammed. | |
| 245 | 1 | 0 | |a Information visualization : |b supporting requirements prioritization using Zest / |c Adnan Abdulrahman Mohammed Algunaid. |
| 260 | |c 2012. | ||
| 300 | |a x, 119 leaves : |b ill. ; |c 30 cm. | ||
| 502 | |a Dissertation (M.Softw.Eng.) -- Jabatan Kejuruteraan Perisian, Fakulti Sains Komputer dan Teknologi Maklumat, 2012. | ||
| 504 | |a Bibliography: leaves 111-114. | ||
| 650 | 0 | |a Information visualization. | |
| 650 | 0 | |a Groupware (Computer software). | |
| 650 | 0 | |a Computer algorithms. | |
| 710 | 2 | |a Universiti Malaya. |b Jabatan Kejuruteraan Perisian. | |
| 900 | |a AT-ZA | ||
| 596 | |a 1 | ||
| 999 | |a QA76.758 UM 2012 ALG |w LC |c 1 |i A514967398 |d 19/6/2013 |f 19/6/2013 |g 1 |l STACKS |m P01UTAMA |r Y |s Y |t TESIS |u 19/6/2013 | ||
